00529nam a22001697a 450000500170000001000170001702000250003403500170005903700430007608200100011910000200012924500390014926000450018827000620023330000230029550000410031820100924155620.0 aB-409631-643 a9788126024315c75.00 aB-409631-643 bNorth India Publishers & Distributors  a181.4 aDeshpande, G.T. aAbhinavagupta /cby G.T. Deshpande aNew Delhi bSahitya Akademic2009(repr.) aRabindra Bhawan, 35, Ferozeshah Road, bNew Delhie110001 a180p. c22cm(pbk)  aIncludes bibliographical references